UBT Library

Four days with Dr. Deming : (Record no. 42337)

000 -LEADER
fixed length control field 00841cam a2200241 a 4500
001 - CONTROL NUMBER
control field 4907064
005 - DATE AND TIME OF LATEST TRANSACTION
control field 20180213033856.0
008 - FIXED-LENGTH DATA ELEMENTS--GENERAL INFORMATION
fixed length control field 940707s1995 maua b 001 0 eng
010 ## - LIBRARY OF CONGRESS CONTROL NUMBER
LC control number 94029252
020 ## - INTERNATIONAL STANDARD BOOK NUMBER
International Standard Book Number 0201633663 (recycled, acidfree paper)
040 ## - CATALOGING SOURCE
Original cataloging agency DLC
Transcribing agency DLC
Modifying agency DLC
041 ## - LANGUAGE CODE
Language code of text/sound track or separate title eng
080 ## - UNIVERSAL DECIMAL CLASSIFICATION NUMBER
Universal Decimal Classification number 658.562
082 00 - DEWEY DECIMAL CLASSIFICATION NUMBER
Classification number 658.562 LAT
Edition number 20
100 1# - Rafti
Rafti 54
101 ## - Shkurtesa
Shkurtesa LID
245 10 - TITLE STATEMENT
Title Four days with Dr. Deming :
Statement of responsibility, etc William J. Latzko and David M. Saunders.
246 3# - VARYING FORM OF TITLE
Title proper/short title Four days with Doctor Deming.
504 ## - BIBLIOGRAPHY, ETC. NOTE
Bibliography, etc Includes bibliographical references (p. 219-220) and index.
906 ## - LOCAL DATA ELEMENT F, LDF (RLIN)
a 7
b cbc
c orignew
d 1
e ocip
f 19
g y-gencatlg
942 ## - ADDED ENTRY ELEMENTS (KOHA)
Source of classification or shelving scheme
Item type Books
Holdings
Withdrawn status Lost status Source of classification or shelving scheme Damaged status Not for loan Collection code Permanent location Current location Shelving location Date acquired Total Checkouts Full call number Barcode Date last seen Price effective from Koha item type
          Koleksioni i përgjithshem UBT - Lipjan UBT - Lipjan Koleksioni i përgjithshem 02/13/2018   658.562 LAT 002-2998171 02/13/2018 02/13/2018 Books
UBT Library © 2015-2024. All rights reserved University Education for Business and Technology